000 00515nam a22001697a 4500
008 160606b xxu||||| |||| 00| 0 eng d
020 _a978-0-470-09628-4
082 _22007
_aDC 005.72
_bJ42w
100 _910177
_aJenkins, Sue.
245 _aWeb design:
_bthe express line to learning/
_cSue Jenkins.
260 _aNew Jersey:
_bWiley Publishing,
_cc2007.
300 _axxiv, 547 pages;
_c23 cm.
500 _aIncludes index.
650 0 _910178
_aWeb sites
_xDesign.
650 0 _910179
_aInternet.
942 _2ddc
_cDC
999 _c3049
_d3049